Three kingdoms of Korea : (Record no. 51722)

MARC details
000 -LEADER
fixed length control field 00555nam a2200205Ia 4500
005 - DATE AND TIME OF LATEST TRANSACTION
control field 20260429111958.0
008 - FIXED-LENGTH DATA ELEMENTS--GENERAL INFORMATION
fixed length control field 260429s9999||||xx |||||||||||||| ||und||
020 ## - INTERNATIONAL STANDARD BOOK NUMBER
International Standard Book Number 9781789148756
041 ## - LANGUAGE CODE
Language English
082 ## - DEWEY DECIMAL CLASSIFICATION NUMBER
Classification number 909.09519
Item number MCB
100 ## - MAIN ENTRY--PERSONAL NAME
Personal name Mcbride II, Richard D.
245 #0 - TITLE STATEMENT
Title Three kingdoms of Korea :
Remainder of title lost civilizations /
Statement of responsibility, etc Richard D. Mcbride II
250 ## - EDITION STATEMENT
Edition statement 1st ed.
260 ## - PUBLICATION, DISTRIBUTION, ETC. (IMPRINT)
Place of publication, distribution, etc United Kingdom :
Name of publisher, distributor, etc Reaktion books,
Date of publication, distribution, etc 2024.
300 ## - PHYSICAL DESCRIPTION
Extent 214 p.; hb
650 ## - SUBJECT ADDED ENTRY--TOPICAL TERM
Topical term or geographic name as entry element Civilization
650 ## - SUBJECT ADDED ENTRY--TOPICAL TERM
Topical term or geographic name as entry element Korea
650 ## - SUBJECT ADDED ENTRY--TOPICAL TERM
Topical term or geographic name as entry element History
942 ## - ADDED ENTRY ELEMENTS (KOHA)
Koha item type Text Books
Holdings
Withdrawn status Lost status Damaged status Not for loan Collection code Home library Location Shelving location Date of Cataloging Source of acquisition Total Checkouts Full call number Barcode Date last seen Price effective from Koha item type
        Non-fiction CUTN Central Library CUTN Central Library History & Geography 29/04/2026 Feel Books, Chennai - Invoice No. BRL/CRB/25-26/568 on 13-02-2026   909.09519 MCB 56751 29/04/2026 29/04/2026 Text Books